Normal view
MARC view
- المحاسبة المتقدمة - الشركات
Entry Topical Term
001 - CONTROL NUMBER
- control field: 29337
003 - CONTROL NUMBER IDENTIFIER
- control field: JO-AjAnu
005 - DATE AND TIME OF LATEST TRANSACTION
- control field: 20230606074948.0
008 - FIXED-LENGTH DATA ELEMENTS
- fixed length control field: 230606|| aca||aabn | a|a d
040 ## - CATALOGING SOURCE
- Original cataloging agency: JO-AjAnu
- Transcribing agency: JO-AjAnu
150 ## - HEADING--TOPICAL TERM
- Topical term or geographic name entry element: المحاسبة المتقدمة - الشركات
670 ## - SOURCE DATA FOUND
- Source citation: Work cat.: (JO-AjAnu)15059: الشريفي، ناظم حسن /م.مشارك: سعود جايد مشكور العامري, author 29336, المحاسبة المتقدمة في الشركات : الاسس النظرية والعملية لاحتساب قيمة الشركات